00851nam a22002417a 450000500170000001000110001702000100002803500110003803700160004904000120006508200160007710000300009324500490012326000590017227000620023130000350029349000260032865000210035465000310037594200250040699900190043195201590045020170124105932.0 a469891 c05.00 a469891 bCen Lib/Ret aDPLbEN a230.35bJOY aJyoti, Divya Jivana98525 aSivandana :cby Divya Jivana Jyotibmy god / aUttrakhand bThe Yoga- Vedanta Forest Universityc1957 aAnanda Kutir, P.O. Sivanandannagar. RishikeshbUttrakhand axlviii;433p. :c17cm(Hb)bill. aJubilee Series No. 15 aHinduism9109637 aReligion- Hinduism9109638 2ddccENh230.35mJOY c123917d123917 04104070aLbLd2015-06-12eCen Lib/Retg5.00l0o230.35 JOYp469891r2015-06-12 00:00:00t1v5.00w2015-06-12yENzW/d List No. 6894/2 ; dtd 17/10/2020